000 00313nam a22001337a 4500
008 181218b xxu||||| |||| 00| 0 eng d
020 _a9780130183804
041 _aeng
080 _a710
100 _a45
101 _aARK
245 _aTcp Ip Principles Protocols Architecture
_cComer.D.E
942 _2udc
_cBK
999 _c53418
_d53418